=LDR 00000nam 2200000 4500 =001 INLIS000000000053550 =005 20181019041132 =035 ##$$a 0010-1018000165 =245 1#$$a SISTEM PEMBAYARAN : $b Strategi dan Implementasi Di Indonesia /$c Aulia Pohan =100 #$$a Aulia Pohan =250 ##$$a Ed. 1 =300 ##$$a 159 hlm : $b Ilus ; $c 15x25 cm =260 ##$$a Jakarta :$b PT RAJAGRAFINDO PERSADA,$c 2011 =082 ##$$a 332.5 =084 ##$$a 332.5 AUL s =020 ##$$a 978-979-769-401-2 =650 ##$$a Alat Pembayaran yang Syah